000 00466nam a2200157 4500
001 109090
003 ES-MaACL
007 t|
008 061121s1963 xxu r ||||1| eng d
100 1 _aOliver, Paul.
_986827
245 1 4 _aThe meaning of the blues /
_cPaul Oliver ; with a foveword by Richard Wright.
260 _aNew York :
_bCollier Books,
_c1963.
300 _a383 p. ;
_c28 cm.
700 1 _aWright, Richard.
_9117421
852 _aES-MaACL
_jB-8536
_bR.66071
999 _c109090
_d109090